000 00446nam a2200133Ia 4500
008 200619s9999 xx 000 0 und d
082 _a344.03AWA
100 _aS. K. Awasthi
245 4 _aThe Scheduled Castes & The Scheduled Tribes (POA) Act, 1989 with Rules and allied Laws –Third Edition
264 _aAllahabad
_bPremier Publishing Company
_c2003
300 _a939
942 _cIR
999 _c119779
_d119779